মুসলিম মানস : (Record no. 10114)

MARC details
000 -LEADER
fixed length control field 00715nam a22001937a 4500
001 - CONTROL NUMBER
control field BD-DhSAU 10114
003 - CONTROL NUMBER IDENTIFIER
control field BD-DhSAU
005 - DATE AND TIME OF LATEST TRANSACTION
control field 20150626125832.0
008 - FIXED-LENGTH DATA ELEMENTS--GENERAL INFORMATION
fixed length control field 150626b1981 bg ||||r|||| 000 0 ben d
040 ## - CATALOGING SOURCE
Original cataloging agency BD-DhSAU
082 ## - DEWEY DECIMAL CLASSIFICATION NUMBER
Edition number 22
Classification number ---
Item number ফারুমু
100 ## - MAIN ENTRY--PERSONAL NAME
Personal name ফারুকী, রশীদ আল
245 ## - TITLE STATEMENT
Title মুসলিম মানস :
Statement of responsibility, etc. রশীদ আল ফারুকী
Remainder of title সংঘাত ও প্রতিক্রিয়া /
260 ## - PUBLICATION, DISTRIBUTION, ETC. (IMPRINT)
Place of publication, distribution, etc. ঢাকা :
Name of publisher, distributor, etc. জাতীয় সাহিত্য প্রকাশনী,
Date of publication, distribution, etc. ১৯৮১.
300 ## - PHYSICAL DESCRIPTION
Extent ১০৬ পৃ. :
Dimensions ২২ সেমি
590 ## - Name of Cataloguer
Name of Cataloger joy
650 ## - SUBJECT ADDED ENTRY--TOPICAL TERM
Topical term or geographic name as entry element উপন্যাস
942 ## - ADDED ENTRY ELEMENTS (KOHA)
Source of classification or shelving scheme Dewey Decimal Classification
Koha item type Book
Holdings
Withdrawn status Lost status Source of classification or shelving scheme Damaged status Not for loan Collection code Home library Branch Name Shelving location Date acquired Total Checkouts Full call number Barcode Date last seen Price effective from Koha item type
    Dewey Decimal Classification   Not For Loan Fiction SAU Library SAU Library Reference 26/06/2015   --- ফারুমু 20401 26/06/2015 26/06/2015 Book
    Dewey Decimal Classification   Not For Loan Non-fiction SAU Library SAU Library Reference 26/06/2015   --- ফারুমু 20403 26/06/2015 26/06/2015 Book
    Dewey Decimal Classification   Not For Loan Non-fiction SAU Library SAU Library Reference 27/06/2015   --- ফারুমু 20402 27/06/2015 27/06/2015 Book